000 00806nam a22002177a 4500
005 20240530110601.0
008 160919s2015 ua f 000 pdara d
017 _a2015/3610
_bمصر . دار الكتب المصرية
020 _a9789779101682
040 _aEG-CaGPL
082 0 4 _221
_a811.03\
_bأ م
100 0 _aالسماح عبدالله
245 1 0 _aمراثى الامام محمد عبده /
_cاعداد و تقديم السماح عبدالله
260 _aالقاهرة :
_bالهيئة المصرية العامة للكتاب ،
_c2015.
300 _a180 ص. ؛
_c24 سم .
650 0 4 _aالادب العربى
650 0 4 _aالشعر العربى
650 0 4 _aشعر الرثاء
650 0 4 _aمحمد عبده (الامام)
_xدواوين وقصائد
942 _2ddc
_cBK
999 _c62676
_d62676